000 00464 a2200181 4500
003 Nust
005 20170207153428.0
010 _a52007787
040 _cNust
082 _a920
100 _aGuderian, Heinz,
245 _aPanzer leader
_cB.H. Liddell Hart. Translated from the German by Constantine Fitzgibbon
260 _aDutton
_bNew York
_c1952
300 _a528 p
538 _aAlmirah No.60 Shelf No.3
600 _aGuderian, Heinz,
650 _aPanzer leader
942 _2ddc
_cBK
999 _c186030
_d186030